Clementis Alexandrini Paedagogus /
The Paedagogus of Clement of Alexandria is almost completely preserved almost completely in a single manuscript, the famous Codex Arethae, copied in the second decade of the tenth century for Arethas, the Archbishop of Caesarea in Cappadocia. The text was copied from an exemplar in poor shape, to th...
المؤلف الرئيسي:
مؤلفون آخرون: ,
التنسيق: كتاب الكتروني
اللغة: Ancient Greek
منشور في:
Leiden ; Boston :
Brill,
2002.
سلاسل:
Vigiliae Christianae, Supplements
61.
Vigiliae Christianae Supplements Online, ISBN: 9789004308961.
الموضوعات:
الوصول للمادة أونلاين: Login to view Source
الوسوم: إضافة وسم
رقم الطلب: BR65.C65 P33 2002
| LEADER | 03540cam a2200541Ii 4500 | ||
|---|---|---|---|
| 001 | BRILL9789004313262 | ||
| 003 | nllekb | ||
| 005 | 20210602101757.0 | ||
| 006 | m d | ||
| 007 | cr un uuuua | ||
| 008 | 020830s2002 ne sb 000 0 grc d | ||
| 010 | |a 2002034270 | ||
| 020 | |a 9789004313262 |q (electronic book) | ||
| 020 | |z 9789004124707 |q (print) | ||
| 024 | 7 | |a 10.1163/9789004313262 |2 DOI | |
| 035 | |a (OCoLC)50606493 | ||
| 040 | |a NL-LeKB |c NL-LeKB |e rda | ||
| 050 | 4 | |a BR65.C65 |b P33 2002 | |
| 072 | 7 | |a HRCC1 |2 bicssc | |
| 072 | 7 | |a REL015000 |2 bisacsh | |
| 082 | 0 | 4 | |a 232/.2 |2 21 |
| 100 | 0 | |a Clement, |c of Alexandria, Saint, |d approximately 150-approximately 215. | |
| 240 | 1 | 0 | |a Paedagogus |
| 245 | 1 | 0 | |a Clementis Alexandrini Paedagogus / |c edidit M. Marcovich ; adiuvante, J.C.M. van Winden. |
| 264 | 1 | |a Leiden ; |a Boston : |b Brill, |c 2002. | |
| 300 | |a 1 online resource (xvii, 229 pages) | ||
| 336 | |a text |b txt |2 rdacontent | ||
| 337 | |a computer |b c |2 rdamedia | ||
| 338 | |a online resource |2 rdacarrier | ||
| 490 | 1 | |a Supplements to Vigiliae Christianae, |x 0920-623X ; |v v. 61 | |
| 504 | |a Includes bibliographical references. | ||
| 505 | 0 | 0 | |t Preliminary material / |r M. Marcovich -- |t ΚΛΗΜΕΝΤOΣ ΣΤΡΩΜΑΤΕΩΣ ΠΑΙΔΑΓΩΓOΣ ΛOΓOΣ ΠΡΩΤOΣ / |r M. Marcovich -- |t ΚΛΗΜΕΝΤOΣ ΣΤΡΩΜΑΤΕΩΣ ΠΑΙΔΑΓΩΓOΣ ΛOΓOΣ ΔΕΥΤΕΡOΣ / |r M. Marcovich -- |t ΚΛΗΜΕΝΤOΣ ΣΤΡΩΜΑΤΕΩΣ ΠΑΙΔΑΓΩΓOΣ ΛOΓOΣ ΤΡΙΤOΣ / |r M. Marcovich -- |t SCHOLIA IN CODICIBUS / |r M. Marcovich -- |t SUPPLEMENTS TO VIGILIAE CHRISTIANAE / |r M. Marcovich. |
| 506 | |a Available to subscribing member institutions only. | ||
| 520 | |a The Paedagogus of Clement of Alexandria is almost completely preserved almost completely in a single manuscript, the famous Codex Arethae, copied in the second decade of the tenth century for Arethas, the Archbishop of Caesarea in Cappadocia. The text was copied from an exemplar in poor shape, to the extent that the codex (P) is full of textual corruptions. Most of the first book of the Paedagogus is lost in P. For this part the author had to rely on two old apographs of P. The only extant critical edition of the text was provided by Otto Stählin in 1905. Although in later editions (1936, 1972) corrections and additions were appended, the author was of the opinion that this predecessor was not attentive enough to the meaning of Clement's text and to the textual problems involved. As a result scholars still lack a reliable critical text of the treatise. Marcovich has tried to improve Stählin's remarkable edition by emending the transmitted text wherever it did not make sense, while relying on Clement's sources and on his lexicon and expression employed elsewhere in his opus. | ||
| 650 | 0 | |a Logos (Christian theology) | |
| 650 | 0 | |a Christian life |v Early works to 1800. | |
| 650 | 7 | |a Christian life. |2 fast | |
| 650 | 7 | |a Logos (Christian theology) |2 fast | |
| 655 | 7 | |a Early works. |2 fast | |
| 700 | 1 | |a Marcovich, Miroslav, |d 1919-2001. | |
| 700 | 1 | |a Winden, J. C. M. van. | |
| 776 | 0 | 8 | |i Print version: |t Clementis Alexandrini Paedagogus |d Leiden, Boston : BRILL, 2002, |z 9789004124707 |
| 830 | 0 | |a Vigiliae Christianae, Supplements |v 61. | |
| 830 | 0 | |a Vigiliae Christianae Supplements Online, ISBN: 9789004308961. | |
| 856 | 4 | |z DOI: |u http://dx.doi.org/10.1163/9789004313262 | |
| 942 | |c EBOOK | ||
| 952 | |0 0 |1 0 |4 0 |7 1 |9 14655 |a BRILL |b BRILL |d 2021-06-02 |l 0 |r 2021-06-02 00:00:00 |w 2021-06-02 |y EBOOK | ||
| 999 | |c 36104 |d 36104 | ||
